Bilecik Bilecik Bilecik Bilecik Bilecik

Temel fizik = (Record no. 60042)

MARC details
000 -BAŞLIK
Sabit Uzunluktaki Kontrol Alanı 00889nam a22002897a 4500
001 - KONTROL NUMARASI
Control Dosyası 0060239
003 - KONTROL NUMARASI KİMLİĞİ
Kontrol Alanı KOHA_MİRAKIL
005 - EN SON İŞLEM TARİHİ ve ZAMANI
Kontrol Alanı 20260207004254.0
007 - FİZİKSEL TANIM SABİT ALAN - GENEL BİLGİ
Sabit uzunluklu kontrol alanı ta
008 - SABİT UZUNLUKTAKİ VERİ ÖGELERİ - GENEL BİLGİ
Sabit Alan 170523b2008 tu |||gr||||#||||0|tur |
020 ## - ISBN - ULUSLARARASI STANDART KİTAP NUMARASI
Isbn 9789755093608
040 ## - KATALOGLAMA KAYNAĞI
Özgün Kataloglama Kurumu TR-BiSEU
Kataloglama Dili tur
Çeviri Kurumu TR-BiSEU
Açıklama Kuralları rda
041 0# - DİL KODU
Metin ya da ses kaydının dil kodu tur
044 ## - YAYINLAYAN/ÜRETEN KURULUŞUN ÜLKE KODU
ISO country code tu
050 ## - SINIFLAMA ve YER NUMARASI
Sınıflama Numarası QC23
Yer Numarası .F57 2008
100 1# - KİŞİ ADI
Yazar Adı (Kişi adı) Fishbane, Paul M..
240 10 - TEK BİÇİM BAŞLIK
Tekbiçim Başlık <a href="physics for sicentists and engineers">physics for sicentists and engineers</a>
Language of a work Türkçe
245 1# - ESER ADI BİLDİRİMİ
Başlık Temel fizik =
Alt Eseradı vb. physics for sicentists and engineers/
Sorumluluk Bildirimi Paul M. Fishbane ; Paul M. Fishbane, Stephen Gasiorowicz, Stephen T. Thornton ; editör Cengiz Yalçın.
250 ## - BASIM BİLDİRİMİ
Basım Bildirimi 3. Baskı
264 #1 - ÜRERİM, YAYIN, DAĞITIM ve TELİF BİLDİRİMİ
Yayın yeri Ankara :
Yayınlayan Arkadaş
Yayın tarihi 2008
300 ## - FİZİKSEL TANIMLAMA
Sayfa, Cilt vb. 2 c.; 27 cm.
336 ## - İÇERİK TÜRÜ
Content type term metin
Content type code txt
Source rdacontent
337 ## - MEDYA TÜRÜ
Media type term aracısız
Media type code n
Source rdamedia
338 ## - TAŞIYICI TÜRÜ
Carrier type term cilt
Carrier type code nc
Source rdacarrier
650 #0 - KONU BAŞLIĞI EK GİRİŞ - KONU TERİMİ
Konusal terim veya coğrafi ad Fizik.
9 (RLIN) 1572
942 ## - EK GİRİŞ ÖGELERİ (KOHA)
Source of classification or shelving scheme Library of Congress Classification
Koha item type Book
Holdings
Materyal Türü Kalıcı Konum Mevcut Konum Raf Yeri Sınıflandırma Kaynağı Edinim Bilgisi Ana Konular Alt Konular Yer Numarası Cilt Bilgisi Demirbaş Numarası Fatura Tarihi Geri Çekilme Durumu Kayıp Durumu Hasarlı Durumu Kredi için değil Kayıt Tarih Toplam Ödünçverme Son Görülme Tarihi Son Kontrol Tarihi Genel / Bağış Notu
Book Prof. Dr. Azmi Özcan Kütüphanesi Prof. Dr. Azmi Özcan Kütüphanesi Birûni Salonu Library of Congress Classification Bağış BİLİM Fizik QC23 .F57 2008 c.1 0060239 02/02/2026         23/05/2017   05/12/2024 05/12/2024 Genel Bağış